France : Histoire du permis de conduire - Statistiques

Statistiques générales
  • Ce quiz a été pris 44 fois
  • Le résultat moyen est 2 sur 24
Statistiques - réponses
Hint Réponse % Correct
Création des 1ères auto-écoles dans les armées 1917
23%
Création à Paris du certificat de capacité à la conduite d'automobiles 1893
18%
Suppression de toutes les limitations de vitesse 1921
13%
Mise en place des 1ers radars automatiques 2004
13%
La vitesse est limitée à 20 km/h en ville et 30 km/h en campagne 1899
10%
Installation du 1er feu tricolore en France 1923
10%
Le taux maximum d'alcoolémie est de 1.20 g par litre de sang 1970
10%
La vitesse est limitée à 90 km/h en campagne 1973
10%
Le taux maximum d'alcoolémie passe à 0.50 g par litre de sang 1995
10%
Le premier carrefour de giration, autrement dit rond-point est créé à Paris 1906
8%
L'apprentissage du code de la route devient obligatoire 1957
8%
Les voitures neuves sont équipées de ceintures de sécurité à l'avant 1970
8%
Les nouveaux véhicules doivent être équipés de ceintures à l'arrière 1978
8%
Le port de la ceinture devient obligatoire à l'avant en permanence 1979
8%
Le port de la ceinture devient obligatoire à l'arrière en permanence 1990
8%
La vitesse est limitée à 130 km/h sur les autoroutes 1974
5%
Le port de la ceinture de sécurité devient obligatoire sur les voies rapides et de 22h à 6h en ville 1975
5%
Création du Permis de conduire qui peut s'obtenir à 18 ans 1922
3%
Le 1er radar de vitesse est expérimenté 1946
3%
La vitesse est limitée à 60 km/h en ville 1962
3%
Les nouveaux titulaires du permis (mois d'un an) ne peuvent dépasser 90 km/h 1969
3%
1ères diapositives pour l'examen du code 1972
3%
La vitesse est limitée à 50 km/h en ville 1991
3%
Instauration du permis à points 1992
3%
Aucun quiz correspondant
Distribution des résultats
% des personnes avec chaque résultat
Percentile par nombre de réponses
Votre historique - résultats
Vous n’avez pas pris ce quiz